Right to buy housing (Record no. 70935)

MARC details
000 -LEADER
fixed length control field 01110cam a2200229 4500
001 - CONTROL NUMBER
control field WB3830-08
008 - FIXED-LENGTH DATA ELEMENTS--GENERAL INFORMATION
fixed length control field 020813n2002 000 0 eng u
035 ## - SYSTEM CONTROL NUMBER
System control number (Sirsi) u119313
245 ## - TITLE STATEMENT
Title Right to buy housing
260 ## - PUBLICATION, DISTRIBUTION, ETC.
Date of publication, distribution, etc. 2002
490 ## - SERIES STATEMENT
Series statement Scottish Executive Press Release
Volume/sequential designation 12 August 2002, (2)
520 ## - SUMMARY, ETC.
Summary, etc. Scottish Executive publishes guidance on further aspects of the Housing (Scotland) Act 2001. Guidance will provide detailed explanation of the Scottish Secure Tenancy and the right to buy provisions of the Housing (Scotland) Act 2001. The two separate documents include how the new provisions for the Scottish secure and short Scottish secure tenancies will work and how the new 'modernised' right to buy will operate. For the news release including link to both documents. http://www.scotland.gov.uk/pages/news/2002/08/SESJ042.aspx For
590 ## - LOCAL NOTE (RLIN)
Local note WB
650 ## - SUBJECT ADDED ENTRY--TOPICAL TERM
Topical term or geographic name entry element SCOTLAND
650 ## - SUBJECT ADDED ENTRY--TOPICAL TERM
Topical term or geographic name entry element RIGHT TO BUY
650 ## - SUBJECT ADDED ENTRY--TOPICAL TERM
Topical term or geographic name entry element HOUSING (SCOTLAND) ACT 2001
650 ## - SUBJECT ADDED ENTRY--TOPICAL TERM
Topical term or geographic name entry element SECURE TENANCY
650 ## - SUBJECT ADDED ENTRY--TOPICAL TERM
Topical term or geographic name entry element SOCIAL LANDLORDS
650 ## - SUBJECT ADDED ENTRY--TOPICAL TERM
Topical term or geographic name entry element STOCK TRANSFER
690 ## - LOCAL SUBJECT ADDED ENTRY--TOPICAL TERM (OCLC, RLIN)
Topical term or geographic name as entry element HOUSING-DEVELOPMENT
942 ## - ADDED ENTRY ELEMENTS (KOHA)
Suppress in OPAC 0
Holdings
Withdrawn status Lost status Source of classification or shelving scheme Damaged status Not for loan Home library Current library Shelving location Date acquired Total Checkouts Full call number Barcode Date last seen Copy number Price effective from Koha item type
    Dewey Decimal Classification     London London News article 13/08/2002   WB3830-08 119313-1001 06/08/2019 1 06/08/2019 News article